Wolkrova Polianka 2004

Podrobná bibliografia
Médium: Článok
Jazyk:slovenčina
Fyzický popis:Fotogr.
ISSN:1210-2423
Predmet:

MARC

LEADER 00000cab a2200000 a 4500
001 vtls001493057
003 SK-MaSNL
005 20260304181416.0
008 050210c2004 xo wr|p|||||||000 b|slo
015 |a PPPK2004  |2 pppkcl 
038 |a PPPK 
040 |a PPPKCL  |b slo  |c PPPKCL  |e AACR2 
041 0 |a slo 
044 |a xo  |c SK 
080 |a 82:061.7:06.063:821.162.4  |2 UDC-MRF-SK2 
080 |a 821.162.4:061.7  |2 UDC-MRF-SK2 
245 0 0 |a Wolkrova Polianka 2004  |c [autor] (mna) 
300 |b Fotogr. 
611 2 7 |a Wolkrova Polianka  |n (41. :  |d 2004 :  |c Tatranská Polianka, Slovensko)  |2 snkbucl  |9 1253332 
650 0 7 |a slovenská poézia  |2 pppkcl  |9 215422 
650 0 7 |a literárne súťaže  |2 pppkcl  |9 4275 
650 0 7 |a slovenská literatúra  |2 snkbucl  |9 1115 
651 7 |a Tatranská Polianka (Vysoké Tatry, Slovensko)  |2 pppkcl  |9 160916 
651 7 |a Poprad (Slovensko)  |2 pppkcl  |9 20155 
773 0 |t Podtatranské noviny  |g Roč. XLV, č. 43 (2004), s. 4  |x 1210-2423 
852 |a PPPK  |b KIS3GCP 
958 |a LX 
999 |c 3023834  |d 3025764